| 000 | 00430 a2200157 4500 | ||
|---|---|---|---|
| 005 | 20250409145929.0 | ||
| 020 | _a978-1-444-10795-1 | ||
| 082 | _a650 MAR | ||
| 100 | _aMARCOUSE, I. | ||
| 245 | _aAQA Business Studies for A2 : Revision Guide | ||
| 250 | _a2nd Ed. | ||
| 260 |
_aLondon, _bHodder Education, _c2010. |
||
| 300 |
_a124p.: ill.; figure, _bindex, _c28cm. |
||
| 700 | _aBIRCHALL, N. & MARCOUSE, C. | ||
| 942 |
_2ddc _cBKS |
||
| 999 |
_c1250 _d1250 |
||